Detalles MARC
| 000 -CABECERA |
| campo de control de longitud fija |
02731nam a2200373 a 4500 |
| 001 - NÚMERO DE CONTROL |
| campo de control |
000006054 |
| 003 - IDENTIFICADOR DEL NÚMERO DE CONTROL |
| campo de control |
DO-SdBPM |
| 005 - FECHA Y HORA DE LA ÚLTIMA TRANSACCIÓN |
| campo de control |
20260519135301.0 |
| 007 - CAMPO FIJO DE DESCRIPCIÓN FÍSICA--INFORMACIÓN GENERAL |
| campo de control de longitud fija |
ta |
| 008 - DATOS DE LONGITUD FIJA--INFORMACIÓN GENERAL |
| campo de control de longitud fija |
090826s2004 dr 000 0 spa d |
| 020 ## - NÚMERO INTERNACIONAL ESTÁNDAR DEL LIBRO |
| Número Internacional Estándar del Libro |
9993458228 |
| 040 ## - FUENTE DE LA CATALOGACIÓN |
| Centro catalogador/agencia de origen |
DO-SdBPM |
| Lengua de catalogación |
spa |
| Centro/agencia transcriptor |
BPMSU |
| Centro/agencia modificador |
rda |
| 082 04 - NÚMERO DE LA CLASIFICACIÓN DECIMAL DEWEY |
| Número de clasificación |
352 |
| Número de documento/Ítem |
E82g 2004 |
| Número de edición |
22 |
| 245 00 - MENCIÓN DE TÍTULO |
| Título |
Estrategias de gestión pública / |
| Mención de responsabilidad, etc. |
editor José Oviedo ; prólogo Rogelio Pérez Bustamante. |
| 264 ## - PRODUCCIÓN, PUBLICACIÓN, DISTRIBUCIÓN, FABRICACIÓN Y COPYRIGHT |
| Producción, publicación, distribución, fabricación y copyright |
Santo Domingo : |
| Nombre del de productor, editor, distribuidor, fabricante |
PUCMM, |
| Fecha de producción, publicación, distribución, fabricación o copyright |
2004. |
| 300 ## - DESCRIPCIÓN FÍSICA |
| Extensión |
421 páginas ; |
| Dimensiones |
23 cm. |
| 336 ## - TIPO DE CONTENIDO |
| Término de tipo de contenido |
texto |
| Código de tipo de contenido |
txt |
| Fuente |
rdacontent |
| 337 ## - TIPO DE MEDIO |
| Nombre/término del tipo de medio |
sin mediación |
| Código del tipo de medio |
n |
| Fuente |
rdamedia |
| 338 ## - TIPO DE SOPORTE |
| Nombre/término del tipo de soporte |
volumen |
| Código del tipo de soporte |
nc |
| Fuente |
rdacarrier |
| 500 ## - NOTA GENERAL |
| Nota general |
En la portada: Programa caribeño a nivel universitario Gestión Pública PCUMM-UNIÓN EUROPEA. |
| 505 0# - NOTA DE CONTENIDO CON FORMATO |
| Información miscelánea |
Prólogo / |
| Mención de responsabilidad |
Rogelio Pérez Bustamante-- |
| Información miscelánea |
Presentación / |
| Mención de responsabilidad |
José Oviedo -- |
| Título |
Gestión pública : consideraciones teóricas y operativas / |
| Mención de responsabilidad |
Juan Antonio Garde Roca -- |
| Título |
Temas sobre la formulación e implementación de políticas públicas en el Caribe / |
| Mención de responsabilidad |
Edwin Jones -- |
| Título |
El servicio civil de carrera hoy : crisis y vigencia / |
| Mención de responsabilidad |
Manuel Villoria -- |
| Título |
La administración del desempeño : una ciencia sutil / |
| Mención de responsabilidad |
Francis Terry -- |
| Título |
Esquema conceptual para un sistema de pago de bonificación basado en el desempeño, a empleados del sector público / |
| Mención de responsabilidad |
John Pilgrim -- |
| Título |
La gestión de la calidad y la evaluación del rendimiento como estrategias en la mejora de la gestión pública / |
| Mención de responsabilidad |
José Vicente Gómez Rivas y José Manuel Ruano de la Fuente -- |
| Título |
Estrategias para la gerencia del sector público. Aplicación del enfoque del marco lógico / |
| Mención de responsabilidad |
Winston Ramaurtasing -- |
| Título |
Dirección estratégica / |
| Mención de responsabilidad |
Luis F. Aguilar -- |
| Título |
Cultura organizacional y cambios organizacionales / |
| Mención de responsabilidad |
Francesco Avallones -- |
| Título |
Incorporación de una perspectiva de igualdad entre el hombre y la mujer en la administración pública : panorama general / |
| Mención de responsabilidad |
Gwendoline Williams y Claudia Harvey -- |
| Título |
La poliglotía de pueblos : diversidad étnica y liderazgo en el sector público del Caribe / |
| Mención de responsabilidad |
Deryck Brown -- |
| Título |
El apoyo del entorno al servicio público y la construcción de una infraestructura sólida para la ética / |
| Mención de responsabilidad |
Janos Bertok -- |
| Título |
Presentación y participación: dilemas, tensiones e interrelaciones / |
| Mención de responsabilidad |
José Oviedo -- |
| Información miscelánea |
Los autores. |
| 590 ## - NOTA LOCAL (RLIN) |
| Nota local |
Inventariado,2026/VM |
| 650 #7 - PUNTO DE ACCESO ADICIONAL DE MATERIA--TÉRMINO DE MATERIA |
| Término de materia o nombre geográfico como elemento de entrada |
Administración pública |
| 650 #7 - PUNTO DE ACCESO ADICIONAL DE MATERIA--TÉRMINO DE MATERIA |
| Término de materia o nombre geográfico como elemento de entrada |
Función pública |
| 650 #7 - PUNTO DE ACCESO ADICIONAL DE MATERIA--TÉRMINO DE MATERIA |
| Término de materia o nombre geográfico como elemento de entrada |
Calidad total en administración pública |
| 650 #7 - PUNTO DE ACCESO ADICIONAL DE MATERIA--TÉRMINO DE MATERIA |
| Término de materia o nombre geográfico como elemento de entrada |
Medicion del trabajo |
| 650 z# - PUNTO DE ACCESO ADICIONAL DE MATERIA--TÉRMINO DE MATERIA |
| Término de materia o nombre geográfico como elemento de entrada |
Public administration |
| 700 1# - PUNTO DE ACCESO ADICIONAL--NOMBRE DE PERSONA |
| Nombre de persona |
Oviedo, José, |
| Término indicativo de función/relación |
editor |
| 700 1# - PUNTO DE ACCESO ADICIONAL--NOMBRE DE PERSONA |
| Nombre de persona |
Pérez Bustamante, Rogelio, |
| Término indicativo de función/relación |
prólogo |
| 710 2# - PUNTO DE ACCESO ADICIONAL--NOMBRE DE ENTIDAD CORPORATIVA |
| Nombre de entidad corporativa o nombre de jurisdicción como elemento de entrada |
Pontificia Universidad Católica Madre y Maestra |
| 710 z# - PUNTO DE ACCESO ADICIONAL--NOMBRE DE ENTIDAD CORPORATIVA |
| Nombre de entidad corporativa o nombre de jurisdicción como elemento de entrada |
|
| 910 ## - DATOS DE OPCIÓN DEL USUARIO (OCLC) |
| Datos de opción del usuario |
VMateo V. Control de calidad BPMSU |
| 942 ## - ELEMENTOS DE PUNTO DE ACCESO ADICIONAL (KOHA) |
| Fuente del sistema de clasificación o colocación |
Dewey Decimal Classification |
| Tipo de ítem Koha |
Libros |